|
|
|
|
| LEADER |
00000naa2a2200000 4500 |
| 001 |
221781 |
| 005 |
20231101230427.0 |
| 035 |
|
|
|a (RuTPU)RU\TPU\book\241960
|
| 090 |
|
|
|a 221781
|
| 100 |
|
|
|a 20120914d2007 k y0rusy50 ca
|
| 101 |
0 |
|
|a rus
|
| 102 |
|
|
|a RU
|
| 200 |
1 |
|
|a Алгоритм определения пути в BPEL-процессе
|f И. Г. Озерова
|
| 320 |
|
|
|a Библиогр.: 3 назв.
|
| 461 |
|
0 |
|0 (RuTPU)RU\TPU\book\136926
|t Современные техника и технологии
|o 13-я Международная научно-практическая конференция студентов, аспирантов и молодых ученых, г. Томск, 26-30 марта 2007 г.
|o труды в 3 т.
|f Томский политехнический университет (ТПУ)
|d 2007
|
| 463 |
|
0 |
|0 (RuTPU)RU\TPU\book\168909
|t Т. 2
|v С. 408-410
|d 2007
|p 492 с.
|
| 610 |
1 |
|
|a алгоритмы
|
| 610 |
1 |
|
|a бизнес-деятельность
|
| 610 |
1 |
|
|a бизнес-процессы
|
| 610 |
1 |
|
|a блок-схемы
|
| 610 |
1 |
|
|a языки программирования
|
| 610 |
1 |
|
|a BPEL
|
| 610 |
1 |
|
|a труды учёных ТПУ
|
| 700 |
|
1 |
|a Озерова
|b И. Г.
|c доцент
|c кафедра автоматики и компьютерных систем Томского политехнического университета
|g Ирина Геннадьевна
|2 stltpush
|3 (RuTPU)RU\TPU\pers\25330
|9 11312
|
| 801 |
|
1 |
|a RU
|b 63413507
|c 20120914
|
| 942 |
|
|
|c BK
|